000 00936nam a2200277 a 4500
001 3788791
003 OSt
005 20250901165758.0
008 840719s1985 ohuak 001 0 eng
010 _a 84051660
020 _a053810970X (pbk.)
040 _aDLC
_cDLC
_dDLC
050 0 0 _aQA 76 .9.S88 H47 1985
_bH47 1985
082 0 0 _a004.2/1
_219
100 1 _aHetzel, William C.,
_d1941-
245 1 0 _aComputer information systems development :
_bprinciples and case study /
_cWilliam Hetzel, David R. Adams.
260 _aCincinnati :
_bSouth-Western Pub. Co.,
_cc1985.
300 _axii, 314 p., [69] leaves :
_bill., forms. ;
_c28 cm.
500 _aIncludes index.
650 0 _aSystem design.
650 0 _aInformation storage and retrieval systems.
650 0 _aElectronic data processing.
700 1 _aAdams, David R.
_q(David Robert),
_d1942-
906 _a7
_bcbc
_corignew
_d3
_eocip
_f19
_gy-gencatlg
942 _2lcc
_cBK
999 _c9163
_d9163